000 00666nam a2200241Ia 4500
003 OSt
005 20220918202509.0
006 a|||||r|||| 00| 0
007 ta
008 220917b |||||||| |||| 00| 0 eng d
024 _a101,707
037 _cTextual
040 _aARTS
_cARTS
_beng
041 _2eng
_aeng
082 _aV236.N72<-N71, L7 (NCWEB)
100 _aNarayan Shriman
_942929
245 0 _aThose ten months
_b presidents rule in Gujrat
260 _aDelhi
_bVikas
_c1973
300 _a204p.
_ccm.
650 _aHISTORY
942 _hV236.N72<-N71, L7 (NCWEB)
_cTEXL
_2CC
999 _c225167
_d225167